[Event "International Championship of Central S"]
[Site "Paracin"]
[Date "2014.07.11"]
[Round "9.1"]
[White "Rapport, Richard"]
[Black "Blagojevic, Dragisa"]
[Result "1-0"]
[WhiteElo "2701"]
[BlackElo "2505"]
[PlyCount "55"]
[EventDate "2014.??.??"]
[TimeControl "6000+1540"]
[WhiteClock "0:16:45"]
[BlackClock "0:05:31"]

1. e4 e5 2. Nf3 Nc6 3. Bc4 Bc5 4. c3 Nf6 5. d3 O-O 6. Nbd2 d5 7. exd5 Nxd5 8.
Ne4 Be7 9. O-O Nb6 10. Bb3 Bf5 11. a4 a5 12. Be3 Nd5 13. Bc4 Nxe3 14. fxe3 Bxe4
15. dxe4 Bc5 16. Qe2 Qe7 17. h4 Nd8 18. Rad1 Bd6 19. Ng5 h6 20. Qg4 hxg5 21.
hxg5 Bc5 22. Rf3 Ne6 23. g6 Ra6 24. b4 axb4 25. cxb4 Ba7 26. b5 Bxe3+ 27. Rxe3
Qc5 28. Qh3 1-0

[Event "International Championship of Central S"]
[Site "Paracin"]
[Date "2014.07.11"]
[Round "9.2"]
[White "Chandra, Akshat"]
[Black "Abramovic, Bosko"]
[Result "1-0"]
[WhiteElo "2442"]
[BlackElo "2443"]
[PlyCount "89"]
[EventDate "2014.??.??"]
[TimeControl "6000+845"]
[WhiteClock "0:04:34"]
[BlackClock "0:00:33"]

1. e4 e5 2. Nf3 Nc6 3. Bb5 a6 4. Ba4 d6 5. O-O Nf6 6. Re1 Bd7 7. c3 g6 8. d4 b5
9. Bb3 Bg7 10. Nbd2 O-O 11. a3 Re8 12. h3 Qb8 13. Ba2 Nd8 14. b4 Be6 15. Bxe6
Nxe6 16. d5 Nd8 17. Nb3 c6 18. Bg5 cxd5 19. Bxf6 Bxf6 20. Qxd5 Ne6 21. g3 Bd8
22. Red1 Bc7 23. a4 h5 24. Ra2 a5 25. axb5 axb4 26. Rxa8 Qxa8 27. Ra1 Qb8 28.
cxb4 Bb6 29. Na5 Qd8 30. Nc4 Qf6 31. Kg2 Bd4 32. Ra8 Rxa8 33. Qxa8+ Kh7 34. b6
g5 35. Qa2 g4 36. hxg4 hxg4 37. Nh4 Nf4+ 38. Kf1 Nd3 39. b7 Nxb4 40. Qe2 Nc6
41. Ne3 Bxe3 42. Qxe3 Qe6 43. Nf5 Nb8 44. Qg5 Qg6 45. Qh4+ 1-0

[Event "International Championship of Central S"]
[Site "Paracin"]
[Date "2014.07.11"]
[Round "9.3"]
[White "Drenchev, Petar"]
[Black "Atalik, Suat"]
[Result "1-0"]
[WhiteElo "2511"]
[BlackElo "2550"]
[PlyCount "209"]
[EventDate "2014.??.??"]
[TimeControl "6000+2030"]
[WhiteClock "0:01:18"]
[BlackClock "0:03:13"]

1. d4 Nf6 2. c4 c5 3. d5 g6 4. Nc3 Bg7 5. e4 O-O 6. Nf3 e6 7. Nd2 exd5 8. cxd5
d6 9. Be2 Nbd7 10. O-O Re8 11. a4 a6 12. Ra3 Rb8 13. a5 Ne5 14. Qc2 g5 15. Re1
h6 16. Nf1 Ng6 17. Ne3 Bd7 18. Bd2 Qe7 19. Nc4 Nh7 20. Bf1 g4 21. Nb6 Rbd8 22.
Nxd7 Rxd7 23. Na4 Qh4 24. Bc3 Be5 25. g3 Qh5 26. h4 Bxc3 27. Rxc3 f5 28. b4
cxb4 29. Rc8 Ne5 30. Bg2 Nf6 31. exf5 b3 32. Qc3 Qxf5 33. Rxe8+ Nxe8 34. Qxb3
Rc7 35. Qe3 Qf6 36. Nb6 Kf7 37. Qe4 Ng7 38. Rb1 Nf5 39. Kh1 Kg7 40. Rd1 h5 41.
Qf4 Ne7 42. Qe3 Rc5 43. Qd2 Qf5 44. Rf1 N7g6 45. Qb2 Rc2 46. Qd4 Qf6 47. Be4
Ra2 48. Kg2 Rxa5 49. Rc1 Nf7 50. Qxf6+ Kxf6 51. Nd7+ Kg7 52. Rc7 Nf8 53. Rxb7
Nxd7 54. Rxd7 Ra2 55. Kf1 Kf6 56. f4 gxf3 57. Bxf3 Ne5 58. Rxd6+ Kf5 59. Bxh5
a5 60. Be2 a4 61. h5 Nf7 62. Ra6 a3 63. h6 Ra1+ 64. Kf2 Rh1 65. h7 Rh2+ 66. Ke3
Ke5 67. Rxa3 Rxh7 68. Bf3 Nd6 69. Kf2 Nc4 70. Rd3 Rh2+ 71. Bg2 Kd6 72. Rd4 Nb6
73. g4 Rh8 74. Kg3 Rg8 75. Rf4 Nd7 76. Bf3 Ne5 77. Rf6+ Kc5 78. Rf5 Nc4 79. Kf4
Nd6 80. Rf6 Ne8 81. Rc6+ Kd4 82. g5 Ng7 83. Kg4 Ne8 84. d6 Rg7 85. Kh5 Rh7+ 86.
Kg6 Rd7 87. Kf5 Rxd6 88. Rxd6+ Nxd6+ 89. Ke6 Ne8 90. g6 Ke3 91. Bc6 Ng7+ 92.
Kf6 Nh5+ 93. Ke5 Kf2 94. Kf5 Kg3 95. Ba4 Kh4 96. Bd1 Ng7+ 97. Kf6 Ne8+ 98. Kf7
Nd6+ 99. Ke7 Nf5+ 100. Kf6 Nd6 101. Ba4 Ne4+ 102. Kf7 Nd6+ 103. Ke6 Ne4 104. g7
Ng5+ 105. Ke7 1-0

[Event "International Championship of Central S"]
[Site "Paracin"]
[Date "2014.07.11"]
[Round "9.4"]
[White "Markus, Robert"]
[Black "Nestorovic, Dejan"]
[Result "1-0"]
[WhiteElo "2607"]
[BlackElo "2408"]
[PlyCount "109"]
[EventDate "2014.??.??"]
[TimeControl "6000+795"]
[WhiteClock "0:05:19"]
[BlackClock "0:01:03"]

1. d4 Nf6 2. c4 e6 3. Nf3 Bb4+ 4. Bd2 a5 5. g3 b6 6. Bg2 Bb7 7. O-O O-O 8. Bf4
Be7 9. Nc3 Ne4 10. Qc2 Nxc3 11. Qxc3 d6 12. Qd3 h6 13. e4 Nd7 14. Rad1 Qb8 15.
Rfe1 Ba6 16. Qc2 c6 17. d5 cxd5 18. exd5 e5 19. Nd4 Bf6 20. Nc6 Qc7 21. Be3
Rfe8 22. h4 Nc5 23. a3 Bb7 24. b4 axb4 25. axb4 Ne6 26. Qe4 Nf8 27. Ra1 Rxa1
28. Rxa1 Ra8 29. Qb1 Rxa1 30. Qxa1 Bxc6 31. dxc6 Bd8 32. Bd5 Ng6 33. Qd1 Ne7
34. Qf3 Nxd5 35. cxd5 Qc8 36. Kg2 Bc7 37. Qh5 Kf8 38. Qe2 Kg8 39. Qf3 Kf8 40.
g4 Kg8 41. g5 hxg5 42. Bxg5 g6 43. Bf6 Kh7 44. h5 Qf5 45. Qxf5 gxf5 46. Kh3 b5
47. Kh4 Kh6 48. Be7 f4 49. Kg4 Kg7 50. f3 Kh6 51. Bg5+ Kg7 52. Kf5 Bb6 53. Bf6+
Kh6 54. Bxe5 Bc7 55. Bxf4+ 1-0

[Event "International Championship of Central S"]
[Site "Paracin"]
[Date "2014.07.11"]
[Round "9.5"]
[White "Damljanovic, Branko"]
[Black "Zajic, Milan"]
[Result "0-1"]
[WhiteElo "2562"]
[BlackElo "2415"]
[PlyCount "58"]
[EventDate "2014.??.??"]
[TimeControl "6000+780"]
[WhiteClock "0:21:46"]
[BlackClock "0:30:35"]

1. c4 c6 2. e4 d5 3. exd5 cxd5 4. cxd5 Nf6 5. Nc3 Nxd5 6. Nf3 e6 7. d4 Bb4 8.
Bd2 Nc6 9. Bd3 O-O 10. O-O Be7 11. a3 Bf6 12. Be3 Nce7 13. Ne4 b6 14. Nxf6+
Nxf6 15. Bg5 Bb7 16. Re1 Rc8 17. Bxf6 gxf6 18. Be4 Bd5 19. Qd2 Kg7 20. h4 Bxe4
21. Rxe4 Qd5 22. Rae1 Ng6 23. R4e3 Rc6 24. Rc1 Rfc8 25. Rcc3 Qf5 26. Nh2 h5 27.
Nf1 Nxh4 28. Rh3 Rxc3 29. bxc3 Qxh3 0-1

[Event "International Championship of Central S"]
[Site "Paracin"]
[Date "2014.07.11"]
[Round "9.6"]
[White "Nestorovic, Nikola"]
[Black "Kosic, Dragan"]
[Result "1/2-1/2"]
[WhiteElo "2439"]
[BlackElo "2493"]
[PlyCount "95"]
[EventDate "2014.??.??"]
[TimeControl "6000+1575"]
[WhiteClock "0:01:40"]
[BlackClock "0:01:48"]

1. e4 e6 2. d4 d5 3. Nc3 Nf6 4. Bg5 Be7 5. e5 Nfd7 6. Bxe7 Qxe7 7. f4 O-O 8.
Nf3 c5 9. Qd2 Nc6 10. dxc5 Nxc5 11. Bd3 f6 12. exf6 Qxf6 13. g3 Bd7 14. Ng5
Nxd3+ 15. Qxd3 Qf5 16. Qxf5 Rxf5 17. O-O-O Rd8 18. Rhe1 d4 19. Nce4 Rd5 20. Nf3
e5 21. c4 Ra5 22. Nxe5 Rxa2 23. Nxd7 Rxd7 24. Nc5 Rc7 25. Kb1 Ra5 26. Nd3 Rh5
27. Re2 a5 28. Rde1 h6 29. h4 Rf5 30. Re8+ Rf8 31. h5 Rxe8 32. Rxe8+ Kf7 33.
Re4 g6 34. hxg6+ Kxg6 35. g4 Kf6 36. Nc5 Rg7 37. Re6+ Kf7 38. Rxh6 Rxg4 39. Kc2
Rxf4 40. Nxb7 Rf2+ 41. Kb3 Ne5 42. Nxa5 Nd3 43. Rd6 Rxb2+ 44. Ka3 Rb1 45. Rxd4
Ra1+ 46. Kb3 Ne5 47. Rd5 Ke6 48. Kb4 {Kxd5} 1/2-1/2

[Event "International Championship of Central S"]
[Site "Paracin"]
[Date "2014.07.11"]
[Round "9.7"]
[White "Vucinic, Gojko"]
[Black "Vojinovic, Goran"]
[Result "0-1"]
[WhiteElo "2313"]
[BlackElo "2460"]
[PlyCount "84"]
[EventDate "2014.??.??"]
[TimeControl "6000+1375"]
[WhiteClock "0:13:04"]
[BlackClock "0:54:52"]

1. e4 c5 2. Nf3 Nc6 3. d4 cxd4 4. Nxd4 Qc7 5. Nc3 e6 6. Be3 a6 7. Qd2 Nf6 8.
O-O-O Bb4 9. f3 Ne7 10. Nb3 Bxc3 11. Qxc3 Qxc3 12. bxc3 d5 13. exd5 Nexd5 14.
Bd4 Bd7 15. Na5 b5 16. c4 bxc4 17. Bxc4 O-O 18. Bxd5 Nxd5 19. c4 Rfc8 20. Kd2
Ne7 21. Rb1 Be8 22. Rb7 Nf5 23. Bf2 f6 24. Rhb1 e5 25. R1b6 Kf8 26. Kc3 Ne7 27.
Rd6 h5 28. Rbb6 Nf5 29. Rxf6+ gxf6 30. Rxf6+ Ke7 31. Rxf5 Ke6 32. Rg5 Bf7 33.
h4 Rg8 34. Rxg8 Rxg8 35. g3 Be8 36. Kd2 Kd6 37. Nb7+ Kc6 38. Nc5 a5 39. Ne4 Bf7
40. Kc3 Bg6 41. Ng5 Rd8 42. g4 Rd3+ 0-1

[Event "International Championship of Central S"]
[Site "Paracin"]
[Date "2014.07.11"]
[Round "9.8"]
[White "Tomic, Bosko"]
[Black "Pikula, Dejan"]
[Result "1-0"]
[WhiteElo "2450"]
[BlackElo "2491"]
[PlyCount "59"]
[EventDate "2014.??.??"]

1. c4 Nf6 2. g3 d5 3. cxd5 Nxd5 4. Bg2 Nc6 5. d4 e5 6. dxe5 Bb4+ 7. Bd2 Nxe5 8.
Qb3 Bxd2+ 9. Nxd2 Nb6 10. Qc3 f6 11. Ngf3 Nxf3+ 12. Bxf3 O-O 13. O-O Qe7 14. a4
a5 15. Rfc1 Rf7 16. Nb3 c6 17. Nxa5 Be6 18. Nxb7 Qxb7 19. Bxc6 Qa7 20. Bxa8
Nxa8 21. b4 Rb7 22. b5 Kf7 23. Qb4 Nc7 24. Qd6 Ne8 25. Qb4 Nc7 26. e4 Bh3 27.
Qc5 Qxc5 28. Rxc5 Ne6 29. Rc4 g5 30. Rb4 1-0

[Event "International Championship of Central S"]
[Site "Paracin"]
[Date "2014.07.11"]
[Round "9.9"]
[White "Masic, Predrag"]
[Black "Tosic, Srecko"]
[Result "1-0"]
[WhiteElo "2356"]
[BlackElo "2399"]
[PlyCount "65"]
[EventDate "2014.07.04"]

1. e4 e5 2. Nc3 Nf6 3. g3 Nc6 4. Bg2 Bc5 5. Nf3 d6 6. d3 a6 7. Be3 Bg4 8. h3
Bxf3 9. Qxf3 Nd4 10. Qd1 c6 11. Ne2 Qb6 12. c3 Nxe2 13. Qxe2 Bxe3 14. fxe3 h5
15. O-O-O Ke7 16. Rhf1 Rh6 17. Rf5 Rg6 18. Qf2 Qa5 19. Kb1 b5 20. Bf3 Rh8 21.
Be2 Qc7 22. Rf1 Ke8 23. g4 hxg4 24. hxg4 Rgh6 25. g5 Rh2 26. Qe1 Ng8 27. Bd1 f6
28. Bb3 Ne7 29. R5f3 fxg5 30. Qg3 Rh1 31. Qxg5 Rxf1+ 32. Rxf1 Rf8 33. Qh5+ 1-0

[Event "International Championship of Central S"]
[Site "Paracin"]
[Date "2014.07.11"]
[Round "9.11"]
[White "Obodchuk, Andrei"]
[Black "Pantelic, Sasa"]
[Result "1-0"]
[WhiteElo "2374"]
[BlackElo "2312"]
[PlyCount "95"]
[EventDate "2014.07.04"]

1. e4 c5 2. c3 d5 3. exd5 Qxd5 4. d4 e6 5. Nf3 Nf6 6. Bd3 Nc6 7. O-O cxd4 8.
cxd4 Be7 9. Nc3 Qd8 10. a3 O-O 11. Bc2 b6 12. Qd3 Bb7 13. Re1 Qc7 14. d5 Rad8
15. Bg5 g6 16. Nb5 Qb8 17. d6 Bxd6 18. Bxf6 Bxh2+ 19. Nxh2 Rxd3 20. Bxd3 Qf4
21. Bc3 Ne7 22. Be5 Qg5 23. Bf1 Nf5 24. Nd6 Nxd6 25. Bxd6 Rc8 26. Rad1 h5 27.
Be5 Bd5 28. Bc3 Kh7 29. Re5 Qf4 30. Re3 Qa4 31. Rd4 Qc2 32. Nf3 Qc1 33. Ne5
Rxc3 34. bxc3 f6 35. Nd3 Qxc3 36. Ra4 a5 37. Nf4 Qc6 38. Rd4 e5 39. Rxd5 exf4
40. Red3 Qc1 41. Rb5 g5 42. Rxb6 Kg7 43. Rdd6 Qxa3 44. Rxf6 Qc5 45. Rfc6 Qe7
46. Rg6+ Kh8 47. Rh6+ Kg7 48. Rbg6+ 1-0

[Event "International Championship of Central S"]
[Site "Paracin"]
[Date "2014.07.11"]
[Round "9.12"]
[White "Nakhbayeva, Guliskhan"]
[Black "Miedema, David"]
[Result "0-1"]
[WhiteElo "2300"]
[BlackElo "2362"]
[PlyCount "120"]
[EventDate "2014.07.04"]

1. d4 d5 2. c4 e6 3. Nc3 c5 4. cxd5 exd5 5. Nf3 Nc6 6. g3 Nf6 7. Bg2 Be7 8. O-O
O-O 9. dxc5 Bxc5 10. Na4 Be7 11. Be3 Re8 12. Rc1 Bg4 13. h3 Bxf3 14. Bxf3 Qd7
15. Bg2 d4 16. Bg5 Ne4 17. Bf4 f5 18. h4 Qe6 19. Qd3 Rad8 20. Qb5 Rd7 21. b3
Ba3 22. Rcd1 Ree7 23. Bc1 Rd5 24. Qd3 Bxc1 25. Rxc1 Nb4 26. Qb1 b5 27. Bxe4
fxe4 28. Nc5 Qf5 29. a3 Rxc5 30. axb4 Rxc1 31. Qxc1 g6 32. Qc5 Rd7 33. Rc1 Kg7
34. Qxf5 gxf5 35. Kf1 d3 36. exd3 exd3 37. Rd1 Kf6 38. f4 Kg6 39. Kf2 d2 40.
h5+ Kxh5 41. Rh1+ Kg6 42. Rd1 Rd3 43. Kg2 h5 44. Kf2 h4 45. gxh4 Kh5 46. Ke2
Rd7 47. Kf3 Rd6 48. Kg3 Rd3+ 49. Kf2 Rxb3 50. Rxd2 Rxb4 51. Ke3 a5 52. Rd8 Rb3+
53. Kd4 Kg4 54. Ke5 a4 55. h5 a3 56. h6 Re3+ 57. Kf6 b4 58. Rg8+ Kxf4 59. Rb8
a2 60. Rxb4+ Re4 0-1

[Event "International Championship of Central S"]
[Site "Paracin"]
[Date "2014.07.11"]
[Round "9.13"]
[White "Lajthajm, Borko"]
[Black "Radovanovic, Nikola"]
[Result "0-1"]
[WhiteElo "2526"]
[BlackElo "2303"]
[PlyCount "122"]
[EventDate "2014.07.04"]

1. c4 Nf6 2. g3 g6 3. Bg2 Bg7 4. Nc3 O-O 5. d3 e5 6. Bg5 h6 7. Bd2 Nc6 8. Qc1
Kh7 9. Rb1 a5 10. Nf3 d6 11. a3 Be6 12. b4 axb4 13. axb4 Qd7 14. h4 Bg4 15. b5
Nd8 16. Nd5 Nxd5 17. cxd5 b6 18. Ng1 Qc8 19. Bh3 Bxh3 20. Nxh3 Nb7 21. h5 g5
22. Qc4 g4 23. Ng1 Nc5 24. Bb4 f5 25. e3 Kh8 26. Ne2 Qd7 27. d4 Ne4 28. dxe5
Bxe5 29. Bc3 Ra3 30. Bd4 Ng5 31. Kf1 Rfa8 32. Rc1 R8a7 33. Nf4 Bxd4 34. Qxd4+
Qg7 35. Qc4 Kh7 36. Kg2 Qe5 37. Qd4 Qe4+ 38. Qxe4 Nxe4 39. Rc2 Rb3 40. Rhc1 Nc5
41. Ne6 Rxb5 42. Nd4 Rba5 43. Nc6 Kg7 44. Nxa7 Rxa7 45. f3 gxf3+ 46. Kxf3 Kf6
47. g4 Ra3 48. Rg1 b5 49. gxf5 b4 50. Rg6+ Kxf5 51. Rc4 b3 52. Rb4 Ra4 53. e4+
Ke5 54. Re6+ Nxe6 55. Rxa4 Nd4+ 56. Kf2 Kxe4 57. Rc4 Kxd5 58. Rxc7 Nb5 59. Rc1
b2 60. Rd1+ Kc5 61. Ke3 Nc3 0-1

[Event "International Championship of Central S"]
[Site "Paracin"]
[Date "2014.07.11"]
[Round "9.14"]
[White "Carnic, Srdjan"]
[Black "Savic, Miodrag R"]
[Result "1/2-1/2"]
[WhiteElo "2324"]
[BlackElo "2522"]
[PlyCount "101"]
[EventDate "2014.07.04"]

1. d4 Nf6 2. c4 e6 3. g3 d5 4. Nf3 Be7 5. Bg2 O-O 6. O-O dxc4 7. Qc2 a6 8. Qxc4
b5 9. Qc2 Bb7 10. Bd2 Be4 11. Qc1 a5 12. Bf4 Nd5 13. Nc3 Nxc3 14. Qxc3 Nc6 15.
Rfd1 Qd5 16. Ne1 Bxg2 17. Nxg2 b4 18. Qd3 Bf6 19. Bxc7 Nxd4 20. Bb6 Nb5 21.
Qxd5 exd5 22. Rab1 Rfb8 23. Be3 d4 24. Bd2 Rc8 25. Nf4 Nc3 26. bxc3 dxc3 27.
Bxc3 Rxc3 28. Rd2 Bg5 29. Rbd1 g6 30. e3 Bxf4 31. gxf4 a4 32. Rd4 b3 33. axb3
Rxb3 34. Rd8+ Rxd8 35. Rxd8+ Kg7 36. Ra8 Ra3 37. Ra6 Ra1+ 38. Kg2 a3 39. Kf3 a2
40. Kg2 Kf8 41. Ra8+ Ke7 42. Ra7+ Ke6 43. Ra6+ Kd5 44. Ra5+ Kc4 45. Ra7 h6 46.
Rc7+ Kd3 47. Rd7+ Ke2 48. Ra7 g5 49. fxg5 hxg5 50. h3 f6 51. Ra8 1/2-1/2

[Event "International Championship of Central S"]
[Site "Paracin"]
[Date "2014.07.11"]
[Round "9.15"]
[White "Kadric, Denis"]
[Black "Rakic, Marija"]
[Result "0-1"]
[WhiteElo "2494"]
[BlackElo "2306"]
[PlyCount "88"]
[EventDate "2014.07.04"]

1. e4 c5 2. Nc3 e6 3. Nge2 d6 4. g3 Nc6 5. Bg2 Nge7 6. O-O a6 7. f4 g6 8. d4
cxd4 9. Nxd4 Bg7 10. Be3 O-O 11. Qd2 d5 12. e5 h5 13. Nce2 f6 14. exf6 Bxf6 15.
c3 Bd7 16. Rae1 Bg7 17. Nf3 Nf5 18. Bc5 Re8 19. Ned4 Ncxd4 20. Bxd4 Nxd4 21.
cxd4 Re7 22. Ne5 Be8 23. Rf3 Rc8 24. Bf1 Rec7 25. Bd3 Qf6 26. Kg2 Bf8 27. Rfe3
Re7 28. Bb1 Bg7 29. Qd3 Kh7 30. b3 Bh6 31. Qd1 Kg8 32. h4 Rec7 33. Bd3 Bf8 34.
Nxg6 Bxg6 35. Rxe6 Rc2+ 36. Kh1 Be4+ 37. Bxe4 Qxe6 38. Bxc2 Qh3+ 39. Kg1 Qxg3+
40. Kh1 Qh3+ 41. Kg1 Rc3 42. Bh7+ Kg7 43. Rf1 Rg3+ 44. Kf2 Qh2+ 0-1

[Event "International Championship of Central S"]
[Site "Paracin"]
[Date "2014.07.11"]
[Round "9.17"]
[White "Brankovic, Dejan"]
[Black "Ratkovic, Milovan"]
[Result "1/2-1/2"]
[WhiteElo "2344"]
[BlackElo "2295"]
[PlyCount "45"]
[EventDate "2014.07.04"]

1. Nf3 d5 2. g3 Nf6 3. Bg2 c6 4. O-O Bf5 5. c4 dxc4 6. Na3 e6 7. Nxc4 Be7 8. d3
h6 9. Qb3 b5 10. Nce5 O-O 11. a4 b4 12. a5 Bd6 13. h3 Nfd7 14. Nxd7 Qxd7 15.
Bd2 e5 16. Rfc1 Be6 17. Qa4 Qe7 18. Ne1 Na6 19. Be3 Nc5 20. Bxc5 Bxc5 21. e3
Rac8 22. Nf3 Bd6 23. d4 1/2-1/2

[Event "International Championship of Central S"]
[Site "Paracin"]
[Date "2014.07.11"]
[Round "9.18"]
[White "Ardeleanu, Alin"]
[Black "Nielsen, Hogni Egilstoft"]
[Result "1-0"]
[WhiteElo "2338"]
[BlackElo "2212"]
[PlyCount "85"]
[EventDate "2014.07.04"]

1. e4 e5 2. Nf3 Nc6 3. Nc3 Nf6 4. d4 exd4 5. Nxd4 Bc5 6. Be3 Nxd4 7. Bxd4 Qe7
8. Be2 d6 9. Qd3 O-O 10. O-O-O Re8 11. Qg3 Bxd4 12. Rxd4 c5 13. Rxd6 Nxe4 14.
Nxe4 Qxe4 15. Bb5 Rf8 16. Bd3 Qa4 17. Rh6 g6 18. a3 Re8 19. Rh4 Qa5 20. Rd1 c4
21. Bxc4 Bf5 22. b4 Qa4 23. Qb3 Qxb3 24. Bxb3 a5 25. Rd2 axb4 26. axb4 h5 27.
Rhd4 Re1+ 28. Kb2 Rh1 29. h4 Raa1 30. Ba2 Rag1 31. g3 Rh2 32. Rf4 Kg7 33. Kc3
b6 34. Bc4 Ra1 35. Rd6 Rc1 36. Bd3 Rd1 37. Rxb6 Bxd3 38. cxd3 Rc1+ 39. Kd2 Rc7
40. b5 Rh1 41. Rc6 Rd7 42. b6 Ra1 43. Rc7 1-0

[Event "International Championship of Central S"]
[Site "Paracin"]
[Date "2014.07.11"]
[Round "9.19"]
[White "Drogovoz, Irina"]
[Black "Petrisor, Adrian-Marian"]
[Result "1/2-1/2"]
[WhiteElo "2073"]
[BlackElo "2441"]
[PlyCount "105"]
[EventDate "2014.07.04"]

1. d4 Nf6 2. c4 g6 3. Nc3 Bg7 4. e4 O-O 5. Nf3 d6 6. h3 Na6 7. Bg5 c6 8. Be2 e5
9. d5 h6 10. Be3 Nh5 11. Qd2 Kh7 12. g4 Nf4 13. Bxf4 exf4 14. Qxf4 Nc5 15. O-O
Qe7 16. Rfe1 Nd7 17. Qe3 c5 18. Kg2 a6 19. Bd3 Rb8 20. Rab1 b6 21. Re2 Kg8 22.
Rbe1 Re8 23. Qd2 g5 24. Nd1 Ne5 25. Nxe5 Bxe5 26. Ne3 b5 27. Rb1 Qf6 28. Nf5 b4
29. b3 a5 30. Qc1 Bd7 31. a4 bxa3 32. Qxa3 Ra8 33. Bc2 Reb8 34. Qc1 Rb4 35. Bd3
Rab8 36. Ra2 Ra8 37. Qd1 Kh7 38. Qe1 Qd8 39. Ra3 Rab8 40. h4 Bf4 41. Qc3 Be5
42. Qc1 a4 43. hxg5 Qxg5 44. Qxg5 hxg5 45. Rh1+ Kg8 46. bxa4 Rxa4 47. Rxa4 Bxa4
48. Rh5 Bf4 49. Ne7+ Kg7 50. Nf5+ Kg8 51. Ne7+ Kg7 52. Nf5+ Kg8 53. Ne7+
1/2-1/2

[Event "International Championship of Central S"]
[Site "Paracin"]
[Date "2014.07.11"]
[Round "9.21"]
[White "Selbes, Tarik"]
[Black "Andrijevic, Milan"]
[Result "1-0"]
[WhiteElo "2241"]
[BlackElo "2336"]
[PlyCount "113"]
[EventDate "2014.07.04"]

1. e4 c5 2. Nf3 e6 3. d3 Nc6 4. g3 Nf6 5. Bg2 d5 6. Qe2 Be7 7. O-O O-O 8. e5
Nd7 9. c3 Qc7 10. Re1 b6 11. h4 Re8 12. Bf4 Bb7 13. Nbd2 b5 14. Nf1 c4 15. d4
b4 16. Ng5 h6 17. Nh3 Nf8 18. Ne3 Ng6 19. Qg4 Nxf4 20. gxf4 f5 21. exf6 Bxf6
22. f5 Ne7 23. fxe6 Rf8 24. Rac1 bxc3 25. bxc3 Bc6 26. Qg3 Qxg3 27. fxg3 g5 28.
hxg5 Bxg5 29. Nxg5 hxg5 30. Ng4 Kg7 31. Ne5 Ba4 32. Rf1 Rxf1+ 33. Rxf1 Rf8 34.
Rb1 Kf6 35. Rb7 Re8 36. Rc7 Kxe6 37. Rxc4 Bc2 38. Rc7 a5 39. c4 Be4 40. cxd5+
Bxd5 41. Rxe7+ Kxe7 42. Bxd5 Rc8 43. Kf2 a4 44. Kf3 Kf6 45. Bc6 a3 46. Ke4 Rh8
47. d5 Rh1 48. d6 Re1+ 49. Kd4 Rd1+ 50. Nd3 Ke6 51. d7 Ke7 52. Ba4 Rd2 53. Kc3
Rxa2 54. Nc5 Rg2 55. Nb7 Rxg3+ 56. Kd4 a2 57. d8=Q+ 1-0

[Event "International Championship of Central S"]
[Site "Paracin"]
[Date "2014.07.11"]
[Round "9.22"]
[White "Jovanovic, Aleksandar D"]
[Black "Cvetkovic, Srdjan"]
[Result "1/2-1/2"]
[WhiteElo "2234"]
[BlackElo "2325"]
[PlyCount "120"]
[EventDate "2014.07.04"]

1. e4 c5 2. Nc3 Nc6 3. g3 g6 4. Bg2 Bg7 5. d3 d6 6. Nge2 e6 7. Be3 Nd4 8. Nc1
Ne7 9. Qd2 Rb8 10. Nd1 e5 11. c3 Ne6 12. Ne2 b6 13. f4 O-O 14. O-O f5 15. Nf2
Bb7 16. Qc2 Qd7 17. Qb3 Kh8 18. Rad1 exf4 19. gxf4 d5 20. Nh3 d4 21. Bc1 fxe4
22. dxe4 Bc6 23. Qc2 Rbd8 24. Ng3 d3 25. Qd2 c4 26. f5 gxf5 27. exf5 Nc5 28.
Qg5 Bxg2 29. Kxg2 Ng8 30. Qh4 Bf6 31. Qxc4 Qd5+ 32. Qxd5 Rxd5 33. Nf4 Rd6 34.
b4 Na4 35. Ne4 Rd7 36. c4 Nc3 37. Nxc3 Bxc3 38. Nd5 d2 39. Ba3 Bg7 40. b5 Rff7
41. Rxd2 Nf6 42. Re2 Nxd5 43. Re8+ Bf8 44. Bxf8 Nf6 45. Ra8 h5 46. Bb4+ Kh7 47.
Bc3 Kh6 48. h4 Rd3 49. Bxf6 Rxf6 50. Rxa7 Rd4 51. Rc7 Rxh4 52. a4 Kg5 53. a5
Kg4 54. Kf2 Rxf5+ 55. Ke2 Rh2+ 56. Ke1 Re5+ 57. Kd1 Ra2 58. axb6 Ree2 59. Rg7+
Kh3 60. Rd7 Rh2 1/2-1/2

[Event "International Championship of Central S"]
[Site "Paracin"]
[Date "2014.07.11"]
[Round "9.24"]
[White "Persson, Richard"]
[Black "Davletbayeva, Madina"]
[Result "0-1"]
[WhiteElo "2192"]
[BlackElo "2284"]
[PlyCount "110"]
[EventDate "2014.07.04"]

1. e4 Nf6 2. e5 Nd5 3. d4 d6 4. c4 Nb6 5. exd6 cxd6 6. Nc3 g6 7. Bd3 Bg7 8.
Nge2 O-O 9. O-O Nc6 10. b3 Nxd4 11. Bb2 Ne6 12. f4 d5 13. cxd5 Nxd5 14. Qd2 Nb4
15. Rad1 Qb6+ 16. Kh1 Rd8 17. Na4 Qd6 18. Bxg7 Nxg7 19. Nb2 Bf5 20. Nc1 Nxd3
21. Nbxd3 Qa6 22. Qe2 h5 23. h3 Bxd3 24. Rxd3 Rxd3 25. Qxd3 Qxd3 26. Nxd3 Nf5
27. Kg1 h4 28. Kf2 f6 29. Rc1 Rd8 30. Ke2 Rd7 31. Nc5 Rc7 32. Nd3 Rxc1 33. Nxc1
Kf7 34. Nd3 b6 35. Kf3 Ke6 36. Nb4 a5 37. Nc2 Kd5 38. Na3 Kc5 39. Ke4 Nd6+ 40.
Kd3 b5 41. Nc2 Nf5 42. Ke4 e6 43. Kd3 b4 44. a3 bxa3 45. Nxa3 Kb4 46. Nc4 Ne7
47. Nd2 Nd5 48. Ke4 Kc3 49. Nf3 Kxb3 50. Nd4+ Kc4 51. Nxe6 a4 52. Nd4 Nxf4 53.
Nc2 Nxg2 54. Kf3 Kc3 55. Na3 Ne1+ 0-1

[Event "International Championship of Central S"]
[Site "Paracin"]
[Date "2014.07.11"]
[Round "9.25"]
[White "Todic, Zoran"]
[Black "Djokic, Nebojsa"]
[Result "1/2-1/2"]
[WhiteElo "2267"]
[BlackElo "2186"]
[PlyCount "122"]
[EventDate "2014.07.04"]

1. e4 c5 2. c3 g6 3. d4 cxd4 4. cxd4 d5 5. e5 Bg7 6. Nc3 Nc6 7. h3 Nh6 8. g4
O-O 9. Bg2 Be6 10. Nge2 Qa5 11. Bd2 Qb6 12. Na4 Qb5 13. Bf1 Qd3 14. Nc5 Nxd4
15. Bg2 Nf3+ 16. Bxf3 Qxf3 17. Ng3 Qxd1+ 18. Kxd1 Bc8 19. Re1 Rd8 20. Rc1 Kf8
21. f4 Ke8 22. Nb3 Bd7 23. Be3 Ba4 24. Kd2 Bxb3 25. axb3 Kd7 26. Rc5 e6 27.
Rec1 Rdc8 28. Rxc8 Rxc8 29. Rxc8 Kxc8 30. Bxa7 Bf8 31. Ne2 Ng8 32. Nd4 Bb4+ 33.
Kd3 Ne7 34. Nc2 Nc6 35. Bb6 Be7 36. Kc3 g5 37. Be3 Kd7 38. b4 gxf4 39. Bxf4 f6
40. exf6 Bxf6+ 41. Kb3 Nd4+ 42. Nxd4 Bxd4 43. h4 b5 44. Bh6 Ke7 45. h5 Kf6 46.
Kc2 e5 47. b3 e4 48. Kd2 Bf2 49. Bf4 Bh4 50. Kc3 Bg5 51. Bc7 Ke6 52. Kd4 Bd2
53. Kc5 Be1 54. g5 Bf2+ 55. Kxb5 d4 56. Kc4 d3 57. Bf4 Be1 58. b5 d2 59. Bxd2
Bxd2 60. g6 hxg6 61. hxg6 Bf4 1/2-1/2

[Event "International Championship of Central S"]
[Site "Paracin"]
[Date "2014.07.11"]
[Round "9.26"]
[White "Lekic, Lazar"]
[Black "Dimic, Pavle"]
[Result "1-0"]
[WhiteElo "2081"]
[BlackElo "2261"]
[PlyCount "87"]
[EventDate "2014.07.04"]

1. e4 c5 2. Nf3 d6 3. d4 cxd4 4. Nxd4 Nf6 5. Nc3 Nc6 6. Bc4 e6 7. Bb3 a6 8. Be3
Be7 9. f4 O-O 10. Qf3 Qc7 11. O-O-O Nxd4 12. Bxd4 b5 13. Bxf6 gxf6 14. f5 Kh8
15. Qh5 d5 16. exd5 exf5 17. d6 Bxd6 18. Nd5 Bf4+ 19. Kb1 Qd6 20. Rd4 Bg5 21.
c3 Qe5 22. Bc2 Be6 23. h4 Be3 24. Re1 Bxd4 25. Rxe5 Bxe5 26. Ne7 Rfe8 27. Nxf5
Bxf5 28. Bxf5 Kg7 29. Qxh7+ Kf8 30. Bc2 Ke7 31. Bb3 Rf8 32. h5 Rab8 33. a3 a5
34. h6 b4 35. cxb4 axb4 36. a4 Rbd8 37. Qe4 Rd4 38. Qb7+ Kd6 39. Bxf7 Rh8 40.
Qb6+ Kd7 41. Be6+ Ke7 42. Bb3 Rxh6 43. Qe6+ Kd8 44. Qg8+ 1-0